Simple Conjugation: Estar - Statistics

General Stats
  • This quiz has been taken 28 times
  • The average score is 5 of 6
Answer Stats
Hint Answer % Correct
yo estoy
100%
él, ella, usted está
95%
tu estás
90%
nosotros/as estamos
85%
ellos, ellas, ustedes están
85%
XXX x
25%
No matching quizzes found
Score Distribution
Percent of People with Each Score
Percentile by Number Answered
Your Score History
You have not taken this quiz